[Event "Final Mistrzostw Polski Mlodzikow do lat 10 - Chlopcy"]
[Site "Szczyrk"]
[Date "1899-12-30"]
[Round "8.14"]
[White "Hartlinski, Tomasz"]
[Black "Jasiulewicz, Kamil"]
[Result "0-1"]
[WhiteTitle "II"]
[BlackTitle "II"]
[WhiteElo "1155"]
[BlackElo "1089"]

1. e4 e5 2. Nf3 Nf6 3. Nxe5 d6 4. Nf3 Nxe4 5. Qe2 Qe7 6. d3 Nf6 7. Bg5 Qxe2+ 8.
Bxe2 Be7 9. O-O O-O 10. Re1 Nc6 11. Nc3 Be6 12. a3 a6 13. h3 Rfe8 14. Rad1 Rad8
15. Bf1 h6 16. Be3 d5 17. d4 Bd6 18. Bd3 Ne7 19. g4 Ng6 20. Ne2 h5 21. gxh5 Nxh5
22. Bxg6 fxg6 23. Kg2 Bf5 24. c3 Be4 25. Neg1 Rf8 26. Bg5 Nf4+ 27. Bxf4 Rxf4 28.
Re3 Rdf8 29. Rde1 R4f6 30. Rxe4 dxe4 31. Rxe4 g5 32. h4 gxh4 33. Rxh4 Be7 34.
Re4 Rg6+ 35. Kf1 Bd6 36. Ke2 Kf7 37. Kd3 Rd8 38. c4 Rf6 39. Ng5+ Kg6 40. Ne6 Rd7
41. Rg4+ Kh7 42. Ng5+ Kg8 43. Ne4 Rf4 44. Rg2 Be5 45. Ne2 Rf3+ 46. Kc2 Bxd4 47.
Nd2 Rxf2 48. Rxf2 Bxf2 49. Ne4 Re7 50. Kd3 Bh4 51. Nf4 g5 52. Nd5 Rf7 53. Nef6+
Kg7 54. Ne8+ Kh6 55. Nef6 c6 56. Ng4+ Kh5 57. Ndf6+ Kg6 58. Ne5+ Kxf6 59. Nxf7
Kxf7 60. Ke4 Ke6 61. c5 g4 62. Kf4 g3 63. Kf3 Kd5 64. b4 a5 65. b5 cxb5 66. c6
bxc6 67. a4 b4 68. Kg2 b3 69. Kh3 b2 70. Kxh4 b1=Q 71. Kxg3 Qf5 72. Kg2 Qf4 73.
Kg1 Qf3 74. Kh2 Qg4 75. Kh1 Ke4 76. Kh2 Kf3 77. Kh1 Qg2# 0-1

[Event "Final Mistrzostw Polski Mlodzikow do lat 10 - Chlopcy"]
[Site "Szczyrk"]
[Date "1899-12-30"]
[Round "8.15"]
[White "Dunda, Szymon"]
[Black "Chomicki, Kornel"]
[Result "0-1"]
[WhiteTitle "II"]
[BlackTitle "II"]
[WhiteElo "1137"]
[BlackElo "1320"]

1. e4 e5 2. Nf3 Nc6 3. Bc4 Bc5 4. c3 Nf6 5. d3 d6 6. Bb3 Be6 7. Bc2 Bb6 8. Nbd2
Ne7 9. h3 Ng6 10. Nf1 h6 11. g4 Nh7 12. Ng3 Nh4 13. Rg1 Qf6 14. Nf5 Nxf3+ 15.
Qxf3 g6 16. g5 hxg5 17. Bxg5 Nxg5 18. Rxg5 Qxg5 19. Ng7+ Ke7 20. Ke2 Qf6 21. Qxf6+
Kxf6 22. Nxe6 Kxe6 23. Bb3+ Kf6 24. Rh1 Rh4 25. Rh2 Rah8 26. Bd5 c6 27. Bb3 Rxh3
28. Rg2 Rh2 29. Rg3 Rxf2+ 30. Ke1 Rh1+ 31. Rg1 Rxg1# 0-1

[Event "Final Mistrzostw Polski Mlodzikow do lat 10 - Chlopcy"]
[Site "Szczyrk"]
[Date "1899-12-30"]
[Round "8.16"]
[White "Futyma, Dawid"]
[Black "Bieronski, Nikodem"]
[Result "1-0"]
[WhiteTitle "II+"]
[BlackTitle "II"]
[WhiteElo "1245"]
[BlackElo "1126"]

1. c4 e6 2. Nc3 c5 3. Nf3 Nf6 4. e3 d5 5. d4 cxd4 6. exd4 g6 7. Bg5 Bg7 8. cxd5
exd5 9. Bb5+ Nc6 10. O-O O-O 11. Qd2 a6 12. Ba4 h6 13. Bxh6 Ne4 14. Nxe4 dxe4
15. Bxg7 Kxg7 16. Bxc6 bxc6 17. Ne5 Bb7 18. Qc3 Qd5 19. Rfe1 Rh8 20. Qc4 Rh5 21.
Rac1 Rah8 22. h3 Rc8 23. Qxd5 cxd5 24. Rxc8 Bxc8 25. Rc1 Be6 26. Rc6 Rh8 27. Rxa6
Rc8 28. Rc6 Ra8 29. a3 Ra4 30. Rc3 Rxd4 31. Rc1 Kf6 32. Nc6 Rd2 33. b4 Bd7 34.
a4 Ke6 35. b5 Ra2 36. a5 Kd6 37. a6 Be6 38. b6 Rxa6 39. b7 Rb6 40. b8=Q+ Rxb8
41. Nxb8 d4 42. Na6 d3 43. Rd1 Bb3 44. Rd2 Kd5 45. Kf1 Kd4 46. Ke1 Kc3 47. Nc5
Bd5 48. Nd7 f5 49. h4 f4 50. Ne5 Kd4 51. Nxg6 e3 52. Nxf4 exd2+ 53. Kxd2 Bc4 54.
f3 Ke5 55. Nxd3+ Kf5 56. g3 Bd5 57. Ke3 Ba8 58. g4+ Kg6 59. Kf4 Bb7 60. Kg3 Ba6
61. Ne5+ Kf6 62. f4 Kg7 63. g5 Be2 64. f5 Bh5 65. Kf4 Be8 66. f6+ Kf8 67. g6 Ba4
68. Kg5 Bc2 69. h5 Ke8 70. h6 Kd8 71. h7 Kc7 72. h8=Q Kd6 73. f7 Kd5 74. f8=R
Bxg6 75. Nxg6 Ke4 76. Rf7 Ke3 77. Qe8+ Kd2 78. Rd7+ Kc1 79. Qc8+ Kb1 80. Rb7+
Ka1 81. Qa8# 1-0

[Event "Final Mistrzostw Polski Mlodzikow do lat 10 - Chlopcy"]
[Site "Szczyrk"]
[Date "1899-12-30"]
[Round "8.17"]
[White "Majcher, Igor"]
[Black "Obrycki, Tomasz"]
[Result "1/2-1/2"]
[WhiteTitle "II"]
[BlackTitle "II"]
[WhiteElo "1129"]
[BlackElo "1223"]

1. e4 c5 2. Nf3 e6 3. d4 cxd4 4. Nxd4 Nf6 5. Bd3 d6 6. Nc3 a6 7. Bg5 Be7 8. Qd2
b5 9. Nf3 Nbd7 10. O-O-O Nc5 11. e5 dxe5 12. Nxe5 b4 13. Ne2 Nfe4 14. Bxe4 Bxg5
15. f4 Qxd2+ 16. Rxd2 Nxe4 17. Rd4 Nf2 18. Rf1 Be7 19. Rxf2 Bc5 20. Nd3 Bxd4 21.
Nxd4 Bb7 22. Nxb4 a5 23. Nd3 Rc8 24. Nb5 Ke7 25. Nc3 Ba6 26. Ne1 Rhd8 27. Nf3
Rd6 28. h3 f6 29. Nd2 Rd4 30. Nb3 Rd7 31. Nxa5 Bc4 32. g3 Ra7 33. Nxc4 Rxc4 34.
Kd2 Rb7 35. Nd1 Rd4+ 36. Kc1 Kd6 37. c3 Rd3 38. Rd2 Rxd2 39. Kxd2 Kc5 40. b4+
Kd6 41. a4 e5 42. f5 Kd5 43. Ke3 Kc4 44. a5 Rd7 45. Ke2 Rd6 46. Nf2 Rd7 47. Ne4
Rd8 48. a6 Rd7 49. Nc5 Ra7 50. Ke3 Ra8 51. Kd2 Rd8+ 52. Kc2 Re8 53. Ne4 1/2-1/2

[Event "Final Mistrzostw Polski Mlodzikow do lat 10 - Chlopcy"]
[Site "Szczyrk"]
[Date "1899-12-30"]
[Round "8.18"]
[White "Klask, Franciszek"]
[Black "Witczak, Borys"]
[Result "0-1"]
[WhiteTitle "II"]
[BlackTitle "II"]
[WhiteElo "1061"]
[BlackElo "1159"]

1. d4 d5 2. Nf3 Nf6 3. Bg5 Ne4 4. Bf4 c5 5. e3 Qb6 6. b3 Nc6 7. Bd3 Bg4 8. O-O
cxd4 9. Nbd2 Nxd2 10. Qxd2 Bxf3 11. gxf3 e5 12. Bg3 Bb4 13. Qd1 Bc3 14. Rb1 h5
15. exd4 Bxd4 16. Qe2 O-O-O 17. Bf5+ Kb8 18. f4 e4 19. Bh3 h4 20. Kg2 hxg3 21.
fxg3 Rh6 22. Qd2 Rdh8 0-1

[Event "Final Mistrzostw Polski Mlodzikow do lat 10 - Chlopcy"]
[Site "Szczyrk"]
[Date "1899-12-30"]
[Round "8.20"]
[White "Kisiel, Dominik"]
[Black "Lewek, Jakub"]
[Result "1/2-1/2"]
[WhiteTitle "II"]
[BlackTitle "II"]
[WhiteElo "1114"]
[BlackElo "1155"]

1. d4 f5 2. h3 Nf6 3. g4 e6 4. gxf5 exf5 5. Bf4 d5 6. Nf3 Bd6 7. Bxd6 Qxd6 8. c3
Be6 9. e3 Nbd7 10. Nbd2 O-O-O 11. Bd3 Ne4 12. Rg1 g6 13. Ng5 Ndf6 14. Ndf3 Nxg5
15. Nxg5 Rde8 16. a4 f4 17. Qf3 Rhf8 18. Qxf4 Qxf4 19. exf4 Bxh3+ 20. Kd2 Bf5
21. Bxf5+ gxf5 22. f3 h6 23. Nh3 Rg8 24. Rae1 h5 25. Rxg8 Rxg8 26. Re5 Rg3 27.
Ng5 h4 28. Rxf5 Nd7 29. Rxd5 h3 30. Ne6 Rg2+ 31. Kd3 h2 32. Rh5 Nf6 33. Rh6 Rxb2
34. Nc5 Kd8 35. Ne6+ Kd7 36. f5 Rf2 37. Nc5+ Ke7 38. Ke3 Rg2 39. Nxb7 Kf7 40.
Nc5 Nd5+ 41. Kd3 Kg7 42. Rh4 Kf6 43. c4 Kg5 44. Rh8 Nf6 45. Ne4+ Kxf5 46. Rf8
Rg6 47. Rh8 Rg2 48. Rh6 Nxe4 49. fxe4+ Kf4 50. Rh7 Kf3 51. Rf7+ Kg3 52. Rg7+ Kf2
53. Rh7 Kg1 54. e5 h1=Q 55. Rxh1+ Kxh1 56. e6 Rg8 57. Ke4 Re8 58. Kd5 Kg2 59.
Ke5 Kf3 60. Kf6 Ke4 61. Kf7 Rxe6 62. Kxe6 Kxd4 63. Kd7 c5 64. a5 Kxc4 65. Kc6
Kd4 66. a6 c4 67. Kb7 c3 68. Kxa7 c2 69. Kb8 c1=Q 70. a7 Qb2+ 71. Ka8 Qg2+ 72.
Kb8 Qg8+ 73. Kb7 Qf7+ 74. Kb8 Qe8+ 75. Kb7 Qd7+ 76. Kb8 Qb5+ 77. Ka8 Qa6 78. Kb8
Qb6+ 79. Ka8 Qa6 80. Kb8 Kd5 81. a8=Q+ Qxa8+ 82. Kxa8 1/2-1/2

[Event "Final Mistrzostw Polski Mlodzikow do lat 10 - Chlopcy"]
[Site "Szczyrk"]
[Date "1899-12-30"]
[Round "8.21"]
[White "Przybys, Bruno"]
[Black "Komendecki, Grzegorz"]
[Result "0-1"]
[WhiteTitle "III"]
[BlackTitle "II"]
[WhiteElo "1021"]
[BlackElo "1113"]

1. e4 c5 2. f4 e6 3. Nf3 Nc6 4. d3 Be7 5. Be2 d5 6. e5 h5 7. c3 d4 8. c4 Bd7 9.
Nbd2 Nh6 10. Ne4 Qc7 11. a3 Nf5 12. Nfg5 h4 13. Bg4 f6 14. Bh5+ Kf8 15. exf6 gxf6
16. Nf7 Rg8 17. g4 Ng7 18. g5 f5 19. Nf2 Bd6 20. Nh3 Be8 21. g6 Nxh5 22. Qxh5
Bxf7 23. gxf7 Qxf7 24. Qxh4 Be7 25. Qh6+ Ke8 26. Bd2 Kd7 27. O-O-O Rh8 28. Ng5
Bxg5 29. fxg5 Rxh6 30. gxh6 Ne5 31. Rhg1 Rg8 32. h4 Nf3 33. Rxg8 Qxg8 34. Bg5
e5 35. Rf1 Nxg5 36. Rg1 Qh7 37. hxg5 Qg6 38. Kc2 e4 39. dxe4 fxe4 40. Kd2 e3+
41. Ke2 Qc2+ 42. Kf3 Qf2+ 43. Ke4 Qxg1 44. Kd3 Qxg5 45. b4 Qxh6 46. bxc5 Qg6+
47. Ke2 d3+ 48. Kf1 Qg3 49. c6+ Kxc6 50. c5 e2# 0-1

[Event "Final Mistrzostw Polski Mlodzikow do lat 10 - Chlopcy"]
[Site "Szczyrk"]
[Date "1899-12-30"]
[Round "8.22"]
[White "Oles, Mateusz"]
[Black "Kostrzewski, Dawid"]
[Result "1/2-1/2"]
[WhiteTitle "III"]
[BlackTitle "III"]
[WhiteElo "1103"]
[BlackElo "1032"]

1. e4 e6 2. d4 d5 3. Nc3 Nf6 4. Bg5 Be7 5. Bxf6 Bxf6 6. e5 Be7 7. Bd3 h6 8. Nf3
c5 9. Be2 Qb6 10. Na4 Qc7 11. Nxc5 Bxc5 12. dxc5 Qxc5 13. O-O Qc7 14. Bd3 Nc6
15. Re1 Bd7 16. a3 O-O-O 17. Rc1 Kb8 18. Qe2 Rdf8 19. Bb5 g5 20. Bxc6 Bxc6 21.
Nd4 Qb6 22. Nxc6+ Qxc6 23. c4 dxc4 24. Qxc4 Qxc4 25. Rxc4 Rc8 26. Rd4 Rhd8 27.
Rxd8 Rxd8 28. g3 Rd2 29. b4 Rd3 30. Ra1 Kc7 31. Kg2 Kc6 32. Rc1+ Kd7 33. Ra1 Rc3
34. Ra2 Kc6 35. Kh3 h5 36. Kg2 g4 37. h3 Kd5 38. Rd2+ Kxe5 39. Rd7 Kf6 40. Rxb7
Rxa3 41. Rb8 Kg7 42. Rb5 f5 43. h4 Rb3 44. Rb7+ Kf6 45. Rxa7 Rxb4 46. Ra8 e5 47.
Ra6+ Kg7 48. Ra7+ Kf6 49. Ra6+ Kg7 50. Ra7+ Kf6 51. Ra6+ Kg7 52. Ra7+ Kf8 53.
Rh7 Rb6 54. Rxh5 Rf6 55. Rg5 Kf7 56. f3 gxf3+ 57. Kxf3 Ke6 58. Rg8 Kf7 59. Ra8
Kg6 1/2-1/2

[Event "Final Mistrzostw Polski Mlodzikow do lat 10 - Chlopcy"]
[Site "Szczyrk"]
[Date "1899-12-30"]
[Round "8.25"]
[White "Uhryn, Lukasz"]
[Black "Ziobrowski, Wojciech"]
[Result "1-0"]
[WhiteTitle "II"]
[BlackTitle "II"]
[WhiteElo "1413"]
[BlackElo "1048"]

1. e4 e5 2. Nf3 Nc6 3. Bb5 Nge7 4. Nc3 d6 5. Bc4 Ng6 6. d4 exd4 7. Nxd4 Be7 8.
O-O O-O 9. Be3 Nge5 10. Bb3 Bg4 11. f3 Bh5 12. g4 Nxf3+ 13. Qxf3 Ne5 14. Qg2 Nxg4
15. Bd2 Bg5 16. Bxg5 Qxg5 17. Nf3 Qc5+ 18. Kh1 Ne3 19. Qg3 Nxf1 20. Rxf1 Kh8 21.
Rg1 Bxf3+ 22. Qxf3 Rae8 23. Qg4 Qe5 24. Qg3 f5 25. exf5 Rxf5 26. Qxe5 Rexe5 27.
Kg2 Rg5+ 28. Kh1 Rh5 29. Rf1 h6 30. Rf8+ Kh7 31. Bg8+ Kg6 32. Bf7+ Kg5 33. Bxh5
Kxh5 34. Rf7 g5 35. Rxc7 Kg4 36. Kg2 h5 37. Rxb7 Rf5 38. Rb4+ Rf4 39. Rxf4+ 1-0

[Event "Final Mistrzostw Polski Mlodzikow do lat 10 - Chlopcy"]
[Site "Szczyrk"]
[Date "1899-12-30"]
[Round "8.28"]
[White "Krawczyk, Eryk"]
[Black "Kawa, Wojciech"]
[Result "0-1"]
[WhiteTitle "III"]
[BlackTitle "III"]
[WhiteElo "1020"]
[BlackElo "1101"]

1. e4 d5 2. exd5 Qxd5 3. Nc3 Qa5 4. d4 Nf6 5. Nf3 c6 6. Bd2 Qc7 7. Be2 Bf5 8. O-O
e6 9. Bd3 Bxd3 10. cxd3 Nbd7 11. Ne4 Be7 12. Nxf6+ Nxf6 13. Ne5 O-O 14. f4 Rad8
15. Be3 Nd5 16. Qf3 Nxe3 17. Qxe3 Qd6 18. Nf3 Bf6 19. Ne5 Qxd4 20. Qxd4 Rxd4 21.
Rad1 Bxe5 22. fxe5 Rfd8 23. Rf3 R4d5 24. Re3 h6 25. g3 c5 26. b3 b5 27. Rf3 c4
28. Rdf1 c3 29. Rxf7 Rxd3 30. Rxa7 0-1

[Event "Final Mistrzostw Polski Mlodzikow do lat 10 - Chlopcy"]
[Site "Szczyrk"]
[Date "1899-12-30"]
[Round "8.30"]
[White "Pycinski, Wladyslaw"]
[Black "Seo, Ian"]
[Result "1-0"]
[WhiteTitle "II"]
[BlackTitle "II"]
[WhiteElo "1194"]
[BlackElo "1129"]

1. e4 c5 2. f4 e6 3. Nc3 Nc6 4. Nf3 d6 5. Bc4 Nf6 6. Qe2 a6 7. a4 Be7 8. d3 d5
9. Bb3 d4 10. Nd1 O-O 11. O-O b6 12. h3 Bb7 13. g4 h6 14. Nf2 Nh7 15. Kh1 g5 16.
f5 e5 17. Rg1 Nf6 18. h4 Kg7 19. hxg5 hxg5 20. Bxg5 Rc8 21. Qd2 Rh8+ 22. Kg2 Nd7
23. Rh1 Rxh1 24. Rxh1 Bxg5 25. Qxg5+ Qxg5 26. Nxg5 Nf6 27. Nxf7 Na5 28. Nxe5 Nxb3
29. cxb3 Re8 30. Nc4 b5 31. axb5 axb5 32. Nd6 Rb8 33. Nxb7 Rxb7 34. g5 Nd7 35.
g6 Kg8 36. Rh7 b4 37. e5 c4 38. bxc4 Nc5 39. Rxb7 Nxb7 40. Ne4 b3 1-0

[Event "Final Mistrzostw Polski Mlodzikow do lat 10 - Chlopcy"]
[Site "Szczyrk"]
[Date "1899-12-30"]
[Round "9.1"]
[White "Wojtacha, Krzysztof"]
[Black "Sowinski, Pawel"]
[Result "0-1"]
[WhiteTitle "I"]
[BlackTitle "I++"]
[WhiteElo "1524"]
[BlackElo "1824"]

1. e4 c5 2. Nc3 Nc6 3. Bb5 Nd4 4. Nf3 g6 5. Bc4 Bg7 6. Nxd4 cxd4 7. Qf3 Nf6 8.
e5 dxc3 9. dxc3 O-O 10. exf6 Bxf6 11. Bh6 Bg7 12. Bxg7 Kxg7 13. O-O-O Qc7 14.
Bb3 a5 15. a3 a4 16. Ba2 Ra5 17. Rd5 Rxd5 18. Qxd5 Qf4+ 19. Qd2 Qxd2+ 20. Kxd2
d5 21. Re1 e6 22. Re3 Bd7 23. Rd3 Bc6 24. Ke3 Kf6 25. Kd4 b6 26. Ke3 Ke7 27. Rd4
Kd6 28. c4 e5 29. Rh4 d4+ 30. Kd2 h5 31. Ke2 f5 32. f3 Kc5 33. Rh3 e4 34. Rg3
Rf6 35. f4 b5 36. b4+ axb3 37. cxb3 bxc4 38. bxc4 Ba4 39. Kd2 Rb6 40. Kc1 e3 41.
Bb1 Rxb1+ 42. Kxb1 e2 43. Rxg6 e1=Q+ 44. Kb2 Qc3+ 45. Ka2 Bb3+ 46. Kb1 Qc2+ 47.
Ka1 Qa2# 0-1

[Event "Final Mistrzostw Polski Mlodzikow do lat 10 - Chlopcy"]
[Site "Szczyrk"]
[Date "1899-12-30"]
[Round "9.2"]
[White "Zmarzly, Wiktor"]
[Black "Prokopiuk, Jakub"]
[Result "0-1"]
[WhiteTitle "II"]
[BlackTitle "II"]
[WhiteElo "1388"]
[BlackElo "1188"]

1. c4 c6 2. Nc3 d5 3. d4 Nf6 4. e3 e6 5. Nf3 Nbd7 6. b3 Bd6 7. Bd3 dxc4 8. bxc4
b6 9. O-O Bb7 10. e4 e5 11. Re1 O-O 12. d5 cxd5 13. cxd5 Bb4 14. Bd2 a6 15. Rb1
Bd6 16. g3 Nc5 17. Bc2 b5 18. a4 bxa4 19. Nxa4 Nxa4 20. Bxa4 Rb8 21. Bc3 Qc7 22.
Rc1 Qe7 23. Nh4 g6 24. Bd2 Rfc8 25. Qf3 Nd7 26. Bxd7 Qxd7 27. Qf6 Qe7 28. Qxe7
Bxe7 29. Nf3 f6 30. Rxc8+ Rxc8 31. Rb1 Ba8 32. Bb4 Rb8 33. Rc1 Bxb4 34. Rc7 a5
35. Ra7 Bb7 36. Kf1 Bc3 37. Ke2 f5 38. exf5 Bxd5 39. fxg6 Bxf3+ 40. Kxf3 hxg6
41. h4 Rf8+ 42. Kg2 Rxf2+ 43. Kxf2 Bd4+ 44. Kf3 Bxa7 45. Ke4 Bd4 46. g4 a4 47.
Kd3 a3 48. h5 a2 49. h6 a1=Q 50. g5 Qc3+ 51. Ke4 Qe3+ 52. Kd5 Qxg5 53. Ke6 e4
54. Kd7 Qxh6 55. Ke6 Qg5 56. Kd7 Qf6 57. Kc7 Qe6 58. Kb7 Qb6+ 59. Kc8 Qa7 60.
Kd8 Kf7 61. Kc8 Be5 62. Kd8 Qc7# 0-1

[Event "Final Mistrzostw Polski Mlodzikow do lat 10 - Chlopcy"]
[Site "Szczyrk"]
[Date "1899-12-30"]
[Round "9.3"]
[White "Karaszewski, Gabriel"]
[Black "Suska, Szymon"]
[Result "0-1"]
[WhiteTitle "II"]
[BlackTitle "II+"]
[WhiteElo "1614"]
[BlackElo "1416"]

1. e4 c5 2. Nf3 e6 3. c4 a6 4. Nc3 Qc7 5. Be2 d6 6. d4 cxd4 7. Nxd4 Nf6 8. O-O
Be7 9. Be3 b6 10. a4 Bb7 11. f3 Nbd7 12. a5 O-O 13. axb6 Nxb6 14. Na4 Nxa4 15.
Qxa4 d5 16. exd5 exd5 17. Qb3 Rfe8 18. Rfe1 Bd6 19. h3 Rab8 20. Bf2 Bg3 21. Bxg3
Qxg3 22. Qc3 Nh5 23. Bf1 dxc4 24. Rxe8+ Rxe8 25. Qxc4 g6 26. Qb3 Rb8 27. Qc3 Nf4
28. Kh1 Nd5 29. Qd2 Re8 30. Bc4 Nf4 31. Rf1 Re2 32. Qxe2 Nxe2 33. Nxe2 Qd6 34.
b3 a5 35. Nc3 Ba6 36. Rd1 Qc6 37. Bxa6 Qxc3 38. Rd3 Qc1+ 39. Kh2 Qc7+ 40. Kh1
Kg7 41. Bb5 Kf6 42. Bc4 a4 43. Rd4 a3 44. b4 Qa7 45. Rf4+ Kg7 46. b5 a2 47. Bxa2
Qxa2 48. Rb4 Qa1+ 49. Kh2 Qe5+ 50. f4 Qd6 51. Rb1 Qxf4+ 52. Kh1 Qe4 53. Rb3 Qc4
54. Rb1 Qc2 55. Rf1 Qb3 56. Rf3 Qxb5 57. Kh2 f5 58. Kh1 Kf6 59. Kh2 g5 60. Kh1
h5 61. g3 Qd5 62. Kg2 g4 63. hxg4 hxg4 64. Kg1 Qxf3 65. Kh2 Ke5 66. Kg1 Qxg3+
67. Kh1 Qe1+ 68. Kh2 Qe2+ 69. Kg3 Qf3+ 70. Kh2 g3+ 71. Kg1 Qf2+ 72. Kh1 Qh2# 0-1

[Event "Final Mistrzostw Polski Mlodzikow do lat 10 - Chlopcy"]
[Site "Szczyrk"]
[Date "1899-12-30"]
[Round "9.4"]
[White "Tim, Wojciech"]
[Black "Kaszuba, Michal"]
[Result "1-0"]
[WhiteTitle "II"]
[BlackTitle "II"]
[WhiteElo "1004"]
[BlackElo "1370"]

1. e4 b6 2. d4 Bb7 3. Bd3 f5 4. Nd2 Nf6 5. Qe2 e6 6. Ngf3 Be7 7. exf5 exf5 8. Bxf5
O-O 9. O-O Nh5 10. Be4 Nf4 11. Qe3 d5 12. Bd3 Bd6 13. Re1 Bc6 14. Nf1 Nd7 15.
Ng3 Nf6 16. Ne2 Ng4 17. Qd2 Qf6 18. Qc3 Nxh2 19. Nxh2 Nh3+ 20. Kh1 Nxf2+ 21. Kg1
Nh3+ 22. Kh1 Bxh2 23. Bxh7+ Kxh7 24. Qxh3+ Kg6 25. Qg4+ Kf7 26. Kxh2 Rh8+ 27.
Kg1 Kg8 28. Rf1 Qd6 29. Bf4 Qf6 30. Be5 Qh6 31. Qh3 Qg6 32. Qg3 Qh7 33. Kf2 Rf8+
34. Ke1 Rxf1+ 35. Kxf1 Bb5 36. Re1 Qf5+ 37. Qf3 Qxc2 38. Qxd5+ Kh7 39. Qxb5 Qf5+
40. Kg1 Qe4 41. Qb3 Qg6 42. Nf4 Qe8 43. Qh3+ Kg8 44. Qg3 Qf7 45. Rf1 a5 46. Ng6
Rh1+ 47. Kxh1 Qxf1+ 48. Kh2 Qf7 49. Nf4 c5 50. d5 c4 51. d6 c3 52. Bxc3 b5 53.
Qg4 b4 54. d7 Qf8 55. Qxg7+ Qxg7 56. Bxg7 Kxg7 57. d8=Q b3 58. a3 a4 59. Qd6 Kh7
60. Qf6 Kg8 61. Qe7 Kh8 62. Ne6 Kg8 63. Qg7# 1-0

[Event "Final Mistrzostw Polski Mlodzikow do lat 10 - Chlopcy"]
[Site "Szczyrk"]
[Date "1899-12-30"]
[Round "9.6"]
[White "Kozak, Karol"]
[Black "Klim, Juliusz"]
[Result "0-1"]
[WhiteTitle "II"]
[BlackTitle "II"]
[WhiteElo "1271"]
[BlackElo "1276"]

1. e4 e5 2. Nf3 Nc6 3. Bc4 Bc5 4. d3 Nf6 5. c3 d6 6. Bb3 a5 7. Nbd2 O-O 8. h3 Ne7
9. Nf1 Ng6 10. Ng3 Be6 11. Bc2 h6 12. O-O Qd7 13. d4 Ba7 14. Kh2 c6 15. Be3 Rfe8
16. Qd3 b5 17. b3 Qc7 18. c4 bxc4 19. bxc4 d5 20. cxd5 cxd5 21. Rac1 dxe4 22.
Nxe4 exd4+ 23. Kh1 Nxe4 24. Qxe4 dxe3 25. Ba4 Qf4 26. Qxf4 Nxf4 27. fxe3 Bxe3
28. Rce1 Bxa2 29. Bxe8 Rxe8 30. Ra1 Bc4 31. Rfb1 Ra8 32. Re1 Nd5 33. Ne5 Bb3 34.
Nc6 Bd2 35. Re2 Bc3 36. Ra3 a4 37. Rf2 Bb4 38. Nxb4 Nxb4 39. Rb2 Rc8 40. Ra1 Nc2
41. Rc1 Rc3 0-1

[Event "Final Mistrzostw Polski Mlodzikow do lat 10 - Chlopcy"]
[Site "Szczyrk"]
[Date "1899-12-30"]
[Round "9.7"]
[White "Niesyt, Michal"]
[Black "Butkiewicz, Jan"]
[Result "1/2-1/2"]
[WhiteTitle "II+"]
[BlackTitle "II"]
[WhiteElo "1319"]
[BlackElo "1203"]

1. e4 e5 2. Bc4 Nf6 3. d4 exd4 4. Nf3 Nxe4 5. Qxd4 Nf6 6. Bg5 Be7 7. Nc3 O-O 8.
Qh4 h6 9. Bd3 hxg5 10. Nxg5 g6 11. Qh6 Re8 12. O-O-O Bf8 13. Qh4 Nh5 14. Bxg6
fxg6 15. Qc4+ d5 16. Rxd5 Qf6 17. Rd7+ Re6 18. Nxe6 Bxd7 19. Nxc7+ Be6 20. Qxe6+
Qxe6 21. Nxe6 Nc6 22. Nxf8 Rxf8 23. f3 Nf4 24. g3 Ne6 25. f4 Rd8 26. Rd1 Ned4
27. Rf1 Nb4 28. Rf2 Re8 29. Kd1 Rd8 30. Kc1 Rc8 31. Rd2 Ndxc2 32. Rxc2 Nxc2 33.
Kxc2 Kf7 34. Kd3 Rd8+ 35. Ke3 Re8+ 36. Kf2 Rd8 37. Ke3 Re8+ 38. Kf2 Rd8 39. Ke2
Rh8 40. h4 Re8+ 41. Kf2 Rd8 42. Ke3 Re8+ 1/2-1/2

[Event "Final Mistrzostw Polski Mlodzikow do lat 10 - Chlopcy"]
[Site "Szczyrk"]
[Date "1899-12-30"]
[Round "9.8"]
[White "Zielen, Stanislaw"]
[Black "Lecki, Leonard"]
[Result "0-1"]
[WhiteTitle "II"]
[BlackTitle "II"]
[WhiteElo "1075"]
[BlackElo "1373"]

1. e4 e6 2. d4 d5 3. Nd2 dxe4 4. Nxe4 Bd7 5. Nf3 Bc6 6. Bd3 Nd7 7. O-O Ngf6 8.
Ng3 Bxf3 9. Qxf3 c6 10. c3 Be7 11. Bd2 O-O 12. Bc2 Rc8 13. Qd3 Qc7 14. Ne4 c5
15. dxc5 Nxe4 16. Qxe4 Nf6 17. Qf3 Bxc5 18. Bg5 Be7 19. Rad1 Rfd8 20. Rfe1 Qb6
21. Rb1 Qb5 22. Bf4 Bc5 23. Re5 Rd5 24. Rxd5 Nxd5 25. Bg3 Rd8 26. Bh4 Rd7 27.
Qe4 Nf6 28. Bxf6 gxf6 29. Ba4 Qd3 30. Qg4+ Kh8 31. Rd1 Qg6 32. Qxg6 Rxd1+ 33.
Bxd1 fxg6 34. Kf1 Kg7 35. Ke2 f5 36. f3 Kf6 37. h3 Ke5 38. g3 g5 39. Bc2 h5 40.
b4 Bd6 41. Ke3 Kf6 42. g4 Bf4+ 43. Kd4 e5+ 44. Kd3 e4+ 45. Ke2 exf3+ 46. Kxf3
hxg4+ 47. hxg4 fxg4+ 48. Kxg4 Bd2 49. c4 Bxb4 50. Bb3 Be7 51. Bc2 Ke5 52. Bb3
Kd4 53. Kf5 Kc3 54. Kg4 Kb4 55. Kf5 a5 0-1

[Event "Final Mistrzostw Polski Mlodzikow do lat 10 - Chlopcy"]
[Site "Szczyrk"]
[Date "1899-12-30"]
[Round "9.9"]
[White "Mielcuch, Karol"]
[Black "Konieczny, Marek"]
[Result "1-0"]
[WhiteTitle "II"]
[BlackTitle "II"]
[WhiteElo "1143"]
[BlackElo "1166"]

1. c4 Nf6 2. g3 g6 3. Nc3 Bg7 4. Bg2 d6 5. d4 O-O 6. e3 Nc6 7. a3 e5 8. d5 Ne7
9. Nge2 Nd7 10. O-O f5 11. f4 Nf6 12. e4 fxe4 13. Nxe4 Nxe4 14. Bxe4 Bf5 15. Bg2
Bg4 16. h3 Bxe2 17. Qxe2 Nf5 18. Kh2 Nd4 19. Qd3 a5 20. Bd2 a4 21. Bc3 Nb3 22.
Rae1 Nc5 23. Qc2 exf4 24. Rxf4 Rxf4 25. gxf4 Bh6 26. Qd2 Qh4 27. Rf1 Rf8 28. Qd4
Bxf4+ 29. Kh1 Qh6 30. Qh8+ Kf7 31. Bg7 Rxh8 32. Bxh6 1-0

[Event "Final Mistrzostw Polski Mlodzikow do lat 10 - Chlopcy"]
[Site "Szczyrk"]
[Date "1899-12-30"]
[Round "9.10"]
[White "Jasiulewicz, Kamil"]
[Black "Pawelski, Tomasz"]
[Result "1/2-1/2"]
[WhiteTitle "II"]
[BlackTitle "II"]
[WhiteElo "1089"]
[BlackElo "1107"]

1. d4 Nf6 2. Nf3 g6 3. c4 Bg7 4. e3 d6 5. Be2 O-O 6. O-O Nbd7 7. Nbd2 c5 8. d5
Nb6 9. Rb1 Bf5 10. Ra1 Re8 11. Nh4 Bd7 12. e4 e6 13. Nhf3 exd5 14. exd5 Bf5 15.
Nh4 Bd7 16. Nhf3 Bf5 17. Nh4 Bd7 18. Nhf3 Bf5 19. Nh4 Bd7 1/2-1/2

[Event "Final Mistrzostw Polski Mlodzikow do lat 10 - Chlopcy"]
[Site "Szczyrk"]
[Date "1899-12-30"]
[Round "9.11"]
[White "Balis, Sebastian"]
[Black "Ochedzan, Filip"]
[Result "0-1"]
[WhiteTitle "II"]
[BlackTitle "II"]
[WhiteElo "1275"]
[BlackElo "1596"]

1. e4 c5 2. Nf3 d6 3. d4 cxd4 4. Nxd4 Nf6 5. Nc3 a6 6. f4 Nbd7 7. Bd3 e6 8. Be3
Be7 9. O-O O-O 10. a4 Qc7 11. Qf3 b6 12. Kh1 Bb7 13. Rae1 Nc5 14. Qh3 Kh8 15.
Bd2 Qd7 16. Re2 Rac8 17. Nb3 Nxd3 18. Qxd3 e5 19. f5 Qc6 20. Rf3 Qc4 21. Be3 Nxe4
22. Rh3 Qxd3 23. cxd3 Nxc3 24. bxc3 Rxc3 25. Nc1 Rfc8 26. Re1 d5 27. Bd2 Rc2 28.
Nb3 f6 29. d4 e4 30. Ree3 Rxd2 0-1

[Event "Final Mistrzostw Polski Mlodzikow do lat 10 - Chlopcy"]
[Site "Szczyrk"]
[Date "1899-12-30"]
[Round "9.12"]
[White "Chomicki, Kornel"]
[Black "Futyma, Dawid"]
[Result "0-1"]
[WhiteTitle "II"]
[BlackTitle "II+"]
[WhiteElo "1320"]
[BlackElo "1245"]

1. e4 c5 2. Nc3 Nc6 3. d3 g6 4. Be3 d6 5. g3 Bg7 6. Bg2 e6 7. f4 Nge7 8. Nf3 O-O
9. Qd2 Rb8 10. O-O b5 11. h3 Ba6 12. Rfe1 b4 13. Nd1 Qc7 14. Nh4 Rfe8 15. g4 Bf6
16. Nf3 Rec8 17. h4 Nd4 18. g5 Bg7 19. Kf2 Nec6 20. Rh1 Nxf3 21. Bxf3 Nd4 22.
Bg4 Qc6 23. Bh3 c4 24. Bf1 cxd3 25. Bxd3 Bxd3 26. cxd3 Qa4 27. Kg3 Nb3 28. axb3
Qxa1 29. Nf2 Qxb2 30. Qxb2 Bxb2 31. Bxa7 Ra8 32. Be3 Ra1 33. Rh2 Rc2 34. Kf3 Bc1
35. Bd4 Ra3 36. Rg2 Rxb3 37. Rg1 Ba3 38. Ra1 Rc8 39. Rd1 Bc1 40. Rh1 Ra3 41. Re1
Ra2 42. Nd1 Rac2 43. Ne3 Bxe3 44. Bxe3 b3 45. Rb1 b2 46. Kg3 e5 47. fxe5 dxe5
48. Kf3 Ra8 49. d4 Ra1 50. Rxb2 Rxb2 51. dxe5 Rf1+ 52. Kg3 Rb3 53. Kg2 Rxe3 54.
Kxf1 Rxe4 55. Kf2 Rxh4 56. Kf3 Ra4 57. Kg3 Kf8 58. Kf3 Ke7 59. Kg3 Ke6 60. Kf3
Kxe5 61. Ke3 Ra3+ 62. Kf2 Ke4 63. Ke2 Ra2+ 64. Kd1 Kf3 65. Ke1 Rh2 66. Kd1 Ke3
67. Kc1 Kd3 68. Kb1 Kc3 69. Ka1 Kb3 70. Kb1 Rh1# 0-1

[Event "Final Mistrzostw Polski Mlodzikow do lat 10 - Chlopcy"]
[Site "Szczyrk"]
[Date "1899-12-30"]
[Round "9.13"]
[White "Oglaza, Dawid"]
[Black "Kudraszow, Filip"]
[Result "1-0"]
[WhiteTitle "II"]
[BlackTitle "II"]
[WhiteElo "1320"]
[BlackElo "1184"]

1. e4 c5 2. Nf3 Nc6 3. d4 cxd4 4. Nxd4 g6 5. Nc3 Bg7 6. Nb3 Nf6 7. Be2 d6 8. Be3
Bd7 9. g4 h6 10. h4 Ne5 11. f3 a6 12. Rg1 Rc8 13. g5 hxg5 14. hxg5 Nh5 15. f4
Nc4 16. Bxc4 Rxc4 17. Qd3 b5 18. a3 Qc8 19. Bd2 Kf8 20. Na5 Rc7 21. O-O-O Rg8
22. Nd5 Ra7 23. Be3 Ra8 24. Nb6 Qc7 25. Nxa8 Qxa5 26. Nb6 Be6 27. b4 Qxb6 28.
Bxb6 1-0